| 000 | 00345nam a2200133Ia 4500 | ||
|---|---|---|---|
| 008 | 240624s9999 xx 000 0 und d | ||
| 041 | _aeng | ||
| 082 | _a900 ORB | ||
| 100 | _aORBACH BENJAMIN | ||
| 245 | _aLIVE FROM JORDAN LETTERS HOME FROM MY JO | ||
| 260 |
_c2007 _aNew York _bAMACOM |
||
| 300 | _aviii, : 304 : p. : cm. ; 23 | ||
| 365 |
_c _b28 |
||
| 999 |
_c22058 _d22058 |
||